000 00500nam a2200217Ia 4500
005 20250425161947.0
008 250425s9999 xx 000 0 und d
020 _a8425212030
041 _aspa
082 _a745.6
100 _aMUNARI, BRUNO
245 0 _aDISEÑO Y COMUNICACION VISUAL
250 _a12A ED.
260 _aBARCELONA
260 _aEspaña
_bGUSTAVO GILI
_c1996
300 _a365
650 _aCOMUNICACION GRAFICA
650 _aDISEÑO
942 _c01
010 _a37412
999 _c219697
_d219697